Royal Dynasties by Members - Statistics

General Stats
  • This quiz has been taken 39 times
  • The average score is 11 of 29
Answer Stats
Grandparent Parent Child Royal House % Correct
Henry IV Louis XIII Louis XIV Bourbon
91%
Henry VII Henry VIII Elizabeth I Tudor
91%
Maximilian I Philip I Charles V Habsburg
74%
Charles I James VII & II Anne Stuart
71%
Victor Emmanuel I Umberto I Victor Emmanuel II Savoy
60%
Alfred Edward Aethelstan Wessex
60%
Pepin Charles I Louis I Carolingian
57%
Clovis I Chlothar I Sigebert I Merovingian
57%
Frederick I Frederick William I Frederick II Hohenzollern
54%
Amyntas III Philip II Alexander III Argead
49%
Temujin Tolui Kublai Genghisid
40%
Abdul Rahman Abdul Aziz Salman Saud
40%
Akbar Jahangir Shah Jahan Mughal
34%
Mu'awiya I Yazid I Mu'awiya II Umayyad
34%
al-Mansur al-Mahdi Harun al-Rashid Abbasid
31%
Darius I Xerxes I Artixerxes I Achaemenid
29%
Wladyslaw II Casimir IV Sigismund I Jagiellon
29%
Timur Shah Rukh Ulugh Beg Timurid
29%
Trajan Hadrian Antoninus Pius Nerva-Antonine
26%
Bela IV Stephen V Ladislaus IV Arpad
23%
Solomon Rehoboam Abijah David
23%
Chandragupta I Samudragupta Ramagupta Gupta
23%
Narseh Hormizd II Shapur II Sasanian
20%
Gauzu Taizong Gauzong Tang
17%
John V Manuel II Constantine XI Palaiologos
14%
Taejo Taejong Sejong Choson
11%
Hussein Abdullah I Talal Hashemite
11%
Tahmasp I Mohammed Khodabanda Abbas I Safavid
11%
Arinjaya Parantaka II Raja Raja I Chola
9%
No matching quizzes found
Score Distribution
Percent of People with Each Score
Percentile by Number Answered
Your Score History
You have not taken this quiz